000 01407nam a22002297a 4500
999 _c59557
_d59557
003 Ge_BSU
005 20230314152654.0
008 230314s2009 ge ||||| |||| 00| 0 geo d
041 _ageo
080 _a341.231.14 ს-45
100 _aსვანიძე, ერიკ
_917206
245 _aარასათანადო მოპყრობის ეფექტიანი გამოძიება :
_bევროპული სტანდარტების სახელმძღვანელო პრინციპები /
_cერიკ სვანიძე ; Council of Europe, European Union.
264 _aთბილისი,
_c[2009].
300 _a144 გვ. ;
_b20 სმ.
500 _a გამოცემა დაფინანსებულია ევროპის კავშირისა და ევროპის საბჭოს ერთობლივი პროგრამის მიერ.
504 _aბიბლიოგრაფია ტექსტის შენიშვნებში.
653 _aადამიანის ძირითადი უფლებების დაცვა
653 _aარასათანადო მოპყრობა
710 _aCouncil of Europe.
_bEuropean Union.
_917207
710 _aConseil de l'Europe.
_bUnion europėenne.
_917208
942 _2udc
_cBK